1969 1263 1428 1463 1500 1079 1900 1216 1664 1175 1156 1511 1845 1569 1463 1054 1570 1516 1831 1167 1041 1944 1473 1920 1388 1434 1159 1573 1967 1701 1295 1861 1072 1863 1356 1235 1278 1338 1339 1889 1354 1271 1267 1518 1986 1663 1975 1146 1901 1952 1040 1655 1364 1069 1251 1430 1280 1118 1545 1781 1857 1812 1967 1880 1967 1124 1016 1325 1772 1084 1352 1627 1216 1178 1383 1292 1402 1071 1060 1236 1781 1034 1138 1178 1755 1933 1777 1739 1305 1754 1877 1929 1149 1648 1951 1237 1243 1528 1633 BCNSPRNW ULIB Ver.6.0+V

เปลี่ยนเป็นภาษาไทย

Change to English
 แสดงรายละเอียดบรรณานุกรม
  กลับหน้าหลัก

Brief Record : Get Marc (ISO 2709) : E-mail record : QR code < ปิดหน้าต่าง
LEADER : 00000nam 2200000uu 4500
001    13399124242
003     ULIB
008    150215s2557||||th 000 0 tha d
020    ^a9744512032
060  4 ^aWA20.5^bป652ว
100 0  ^aปุญญพัฒน์ ไชยเมล์.
245 10 ^aวิธีการวิจัยทางสาธารณสุข /^cปุญญพัฒน์ ไชยเมล์.
260    ^aสงขลา :^bศูนย์หนังสือมหาวิทยาลัยทักษิณ,^c2557
300    ^a273 หน้า :^bภาพประกอบ ;^c26 ซม.
650  7 ^aสาธารณสุข ^xวิจัย
650  7 ^aวิจัย
945    ^p325^l0^i039080
945    ^p325^l0^i039259
945    ^p325^l0^i039260
999    ^aทศพร
รายการนี้ยังไม่มีแท็ก
คุณยังไม่ได้ล็อกอิน คุณสามารถมีกิจกรรมร่วมกับเว็บไซต์ได้ แต่ต้องล็อกอินก่อน ::
  ล็อกอิน

รายการสื่อสารสนเทศ

ลำดับที่ ประเภท เลขเรียก/บาร์โค้ด สถานที่ สถานะ
1. วิทยาศาสตร์การแพทย์ และสุขภาพ
วิทยาศาสตร์การแพทย์ และสุขภาพ
สถานะ=หนังสือเก่า
WA20.5 ป652ว ฉ.1 
  Barcode: 039080
ห้องสมุดวิทยาเขตสวรรค์ประชารักษ์
►ส่วนจัดเก็บหนังสือเก่า สปร
บนชั้น
  ขอยืม
2. วิทยาศาสตร์การแพทย์ และสุขภาพ
วิทยาศาสตร์การแพทย์ และสุขภาพ
สถานะ=หนังสือเก่า
WA20.5 ป652ว ฉ.2 
  Barcode: 039259
ห้องสมุดวิทยาเขตสวรรค์ประชารักษ์
►ส่วนจัดเก็บหนังสือเก่า สปร
บนชั้น
  ขอยืม
3. วิทยาศาสตร์การแพทย์ และสุขภาพ
วิทยาศาสตร์การแพทย์ และสุขภาพ
สถานะ=หนังสือเก่า
WA20.5 ป652ว ฉ.3 
  Barcode: 039260
ห้องสมุดวิทยาเขตนครสวรรค์
►ส่วนจัดเก็บหนังสือเก่า นว.
บนชั้น
  ขอยืม

รายการใกล้เคียง
    ผู้แต่ง [ปุญญพัฒน์ ไชยเมล์.]

    หัวเรื่อง [วิจัย]

BibComment


ยังไม่เคยถูกคอมเมนท์

คอมเมนท์ทรัพยากรรายการนี้
  คอมเมนท์: วิธีการวิจัยทางส..


 Copyright 2026. Bcnsprnw @Library